000 00590nam a2200241Ia 4500
003 OSt
005 20220912151742.0
006 a|||||r|||| 00| 0
007 ta
008 220909b |||||||| |||| 00| 0 eng d
024 _a32868
037 _cTextual
040 _aCSL
_beng
_cCSL
041 _aeng
082 _aU28.192, M2
100 _aTarakanov G G
245 0 _aTropical meteorology
260 _aMoscow
_bMir Pub
_c1982
300 _a206p.
_ccm.
650 _ameteorology
942 _hU28.192, M2
_cTEXL
_2CC
999 _c74550
_d74550